[Event "Challenge"]
[Site "http://www.queenalice.com/game.php?id=1348183"]
[Date "2015.3.18"]
[Round "-"]
[White "dpambakian"]
[Black "Carti44444"]
[Result "0-1"]
[WhiteElo "1400"]
[BlackElo "1343"]

1. e4 e5 2. d3 Nf6 3. Nf3 Nc6 4. Bg5 Be7 5. Nc3 O-O 6. Qd2 d6 7. O-O-O Ng4 8.
Nd5 Bxg5 9. Nxg5 Nxf2 10. Be2 Nxh1 11. Rxh1 Nd4 12. Rf1 Nxe2+ 13. Qxe2 Qxg5+ 14.
Kb1 c6 15. Nb4 f5 16. g3 fxe4 17. dxe4 Bh3 18. Rd1 Bg4 19. Qc4+ Kh8 20. Re1 Rf2
21. a3 Qd2 22. Nd3 Re8 23. b4 Be2 24. Rc1 Bxd3 25. cxd3 Qb2# 0-1

[Event "Challenge"]
[Site "http://www.queenalice.com/game.php?id=1348626"]
[Date "2015.3.19"]
[Round "-"]
[White "ledeon"]
[Black "Carti44444"]
[Result "0-1"]
[WhiteElo "1637"]
[BlackElo "1100"]

1. d4 d5 2. Nf3 Nf6 3. c4 e6 4. Nc3 Bb4 5. e3 O-O 6. Bd3 Nc6 7. O-O Bxc3 8. bxc3
h6 9. Re1 b6 10. Ba3 Re8 11. cxd5 exd5 12. Bb5 Bd7 13. c4 Na5 14. Bxd7 Qxd7 15.
cxd5 Qxd5 16. Rc1 Rac8 17. Re2 Ne4 18. Rec2 c5 19. dxc5 Qxd1+ 20. Rxd1 Red8 21.
Rxd8+ Rxd8 22. g3 bxc5 23. Bxc5 Rc8 0-1

[Event "Challenge"]
[Site "http://www.queenalice.com/game.php?id=1348627"]
[Date "2015.3.19"]
[Round "-"]
[White "Carti44444"]
[Black "ledeon"]
[Result "0-1"]
[WhiteElo "1288"]
[BlackElo "1746"]

1. d4 d5 2. c4 e6 3. Nc3 Nf6 4. Nf3 Be7 5. Bf4 O-O 6. e3 a5 7. c5 b6 8. cxb6
cxb6 9. Bd3 Nc6 10. O-O Nh5 11. Bg3 Nxg3 12. fxg3 Bb7 13. Qc2 h6 14. g4 Nb4 15.
Qd2 Nxd3 16. Qxd3 Qc8 17. Rac1 Qd7 18. Ne5 Qe8 19. Nb5 Ba6 20. Qb3 Bxb5 21. Rf2
f6 22. Ng6 Qxg6 23. Qxb5 Qxg4 24. Rc7 Bd6 25. Rb7 Rac8 26. Rf1 Rc2 27. g3 Bxg3
0-1

[Event "AUTO-OPEN-3467"]
[Site "http://www.queenalice.com/game.php?id=1353513"]
[Date "2015.4.14"]
[Round "1"]
[White "marcomasa"]
[Black "Carti44444"]
[Result "0-1"]
[WhiteElo "1735"]
[BlackElo "1522"]

1. e4 e5 2. Bc4 Nf6 3. Nc3 Bc5 4. h3 O-O 5. Nf3 d6 6. d3 h6 7. Qe2 Nc6 8. a3 Kh8
9. Bd2 a6 10. g4 Nh7 11. Rg1 Nd4 12. Nxd4 Bxd4 13. h4 Qxh4 14. O-O-O Qxf2 15.
Qxf2 Bxf2 16. Rg2 Bd4 17. Rf1 Be6 18. g5 Bh3 19. Rh2 Bxf1 20. gxh6 Bxc3 21. Bxc3
f5 22. hxg7+ Kxg7 23. d4 Bxc4 24. dxe5 Kf7 25. Rxh7+ Ke8 26. Rxc7 Bb5 27. exf5
Rxf5 28. exd6 Bd7 29. Rxb7 Rc8 30. Bh8 Rf1+ 31. Kd2 Rf2+ 32. Kd3 Rcxc2 33. Rb8+
Kf7 34. Ke3 Rce2+ 35. Kd3 Bb5+ 36. Kc3 Rf3+ 37. Kb4 Re4+ 38. Ka5 Rb3 39. Rb7+
Kg6 40. d7 Ra4+ 41. Kb6 Bxd7+ 42. Kc7 Rxb7+ 43. Kxb7 Bb5 44. Kb6 Rh4 45. Bc3 Kf5
46. Bg7 Ke4 47. Bc3 Kd3 48. Bg7 Kc2 49. Be5 Bf1 50. Bg7 Kb3 51. Bc3 Rh2 52. Bg7
Rxb2 53. a4 Rg2 54. Bd4 Kxa4 55. Kb7 Rg6 56. Bh8 a5 57. Ba1 Kb3 58. Kc7 a4 59.
Kd7 a3 60. Ke7 Ka2 61. Bh8 Kb1 62. Kf7 Ra6 63. Bd4 a2 64. Ke7 a1=Q 65. Bxa1 Kxa1
66. Kd7 Kb2 67. Ke7 Kc3 0-1

[Event "AUTO-OPEN-3467"]
[Site "http://www.queenalice.com/game.php?id=1353514"]
[Date "2015.4.14"]
[Round "1"]
[White "Carti44444"]
[Black "marcomasa"]
[Result "1-0"]
[WhiteElo "1288"]
[BlackElo "1735"]

1. e4 e5 2. Nf3 Nc6 3. Bc4 h6 4. O-O Bc5 5. Nc3 Nf6 6. d3 d6 7. h3 Bd7 8. Nh2 a6
9. Kh1 Qe7 10. a3 h5 11. Bg5 h4 12. Nd5 Qd8 13. f4 Bd4 14. c3 Ba7 15. fxe5 Nxe5
16. Nxf6+ gxf6 17. Bxf6 Qc8 18. Bxh8 Be6 19. Bxe6 Qxe6 20. Bxe5 Qxe5 21. Qg4 Qh8
22. Qf5 Qg7 23. Ng4 c6 24. Nf6+ Kf8 25. Nd7+ Kg8 26. Rf4 Qh7 27. Nf6+ 1-0

[Event "AUTO-OPEN-3467"]
[Site "http://www.queenalice.com/game.php?id=1353541"]
[Date "2015.4.14"]
[Round "1"]
[White "Regina1962"]
[Black "Carti44444"]
[Result "1-0"]
[WhiteElo "2075"]
[BlackElo "1409"]

1. Nf3 Nc6 2. d4 d5 3. e3 Nf6 4. c4 e6 5. Nc3 Bb4 6. Bd3 O-O 7. O-O b6 8. cxd5
exd5 9. Qa4 Bd7 10. Bb5 Bxc3 11. bxc3 Na5 12. Bxd7 Nxd7 13. Ba3 Re8 14. Nd2 Nf6
15. c4 h6 16. Rac1 dxc4 17. Nxc4 Nxc4 18. Rxc4 a6 19. Qc2 Rc8 20. Rc1 Nd5 21.
Bb2 Qe7 22. a3 Qe4 23. Qxe4 Rxe4 24. Rc6 Re6 25. Kf1 Rce8 26. Rxe6 Rxe6 27. Re1
Rc6 28. Re2 f5 29. g3 Kf7 30. h4 a5 31. Ke1 g5 32. Kd2 b5 33. f3 Rc4 34. e4 Ne7
35. hxg5 hxg5 36. Rf2 Kg6 37. g4 f4 38. Rh2 Nc6 39. Kd3 Ra4 40. Rc2 Nxd4 41.
Bxd4 Rxa3+ 42. Rc3 Rxc3+ 43. Kxc3 Kf7 44. Be5 c5 45. Bc7 a4 46. Bb6 b4+ 47. Kc4
b3 48. Kc3 c4 49. Bc5 Ke6 50. Ba3 Kd7 51. Kxc4 Kc6 52. Kb4 b2 53. Bxb2 1-0

[Event "AUTO-OPEN-3467"]
[Site "http://www.queenalice.com/game.php?id=1353542"]
[Date "2015.4.14"]
[Round "1"]
[White "Carti44444"]
[Black "Regina1962"]
[Result "1/2-1/2"]
[WhiteElo "1409"]
[BlackElo "2034"]

1. d4 Nf6 2. c4 g6 3. Nc3 Bg7 4. e4 d6 5. Nf3 a5 6. Bg5 O-O 7. Be2 Nbd7 8. Qd2
c6 9. O-O e5 10. d5 c5 11. h3 Nb8 12. Bh6 Na6 13. a3 Nc7 14. Nh2 Bd7 15. Bxg7
Kxg7 16. Qg5 Ng8 17. f4 exf4 18. Qxf4 Qe7 19. Bg4 Rae8 20. Bxd7 Qxd7 21. Ng4 h5
22. Nf6 Nxf6 23. Qxf6+ Kh7 24. Rf2 b5 25. b3 bxc4 26. bxc4 Re7 27. Raf1 Ne8 28.
Qh4 Kg7 29. Nb5 Re5 30. Qf4 Qe7 31. Re2 f5 32. Rfe1 fxe4 33. Qd2 Nf6 34. Qxa5
Rd8 35. Qb6 Ne8 36. Rxe4 Rxe4 37. Rxe4 Qxe4 38. Qxd8 Qe3+ 39. Kh2 Qf4+ 40. Kg1
Qe3+ 41. Kh1 Qe1+ 42. Kh2 Qe5+ 43. Kg1 Qe1+ 44. Kh2 Qe5+ 45. Kh1 Qe1+ 46. Kh2
Qe5+ 47. Kg1 1/2-1/2

[Event "AUTO-OPEN-3467"]
[Site "http://www.queenalice.com/game.php?id=1353559"]
[Date "2015.4.14"]
[Round "1"]
[White "AlexRB"]
[Black "Carti44444"]
[Result "1/2-1/2"]
[WhiteElo "1345"]
[BlackElo "1425"]

1. e4 e5 2. d4 exd4 3. Qxd4 Nc6 4. Qe3 d6 5. Bb5 Bd7 6. Bxc6 Bxc6 7. e5 Qe7 8.
Nf3 Bxf3 9. gxf3 Qxe5 10. Qxe5+ dxe5 11. Bg5 Be7 12. Be3 Nf6 13. Na3 a6 14.
O-O-O O-O 15. Nc4 Rad8 16. Nxe5 Rxd1+ 17. Rxd1 Bd6 18. Nc4 Rd8 19. Nxd6 cxd6 20.
c4 h6 21. c5 d5 22. Bd4 Nh5 23. Rg1 g5 24. Re1 Kf8 25. Be5 f6 26. Bd6+ Kg8 27.
Re7 b6 28. Ra7 bxc5 29. Bxc5 Rc8 30. b4 Nf4 31. Rxa6 Nd3+ 32. Kd1 Nxc5 33. bxc5
Rxc5 34. Rxf6 Ra5 35. Rg6+ Kh7 36. Rd6 Rxa2 37. Ke1 Ra1+ 38. Ke2 Rh1 39. Rxd5
Rxh2 40. Ke3 Kg6 41. Rd6+ Kh5 42. f4 Rh3+ 43. Ke2 gxf4 44. Rf6 Kg4 45. f3+ Kg5
46. Rf8 Rh2+ 47. Kd3 Rh1 48. Ke4 Re1+ 49. Kd5 Re3 50. Rg8+ Kh4 51. Rg4+ Kh5 52.
Rxf4 Kg5 53. Rf8 h5 54. f4+ Kg4 55. f5 Kg5 56. f6 Kg6 57. Kd6 Re1 58. f7 Kg7 59.
Re8 Rd1+ 60. Ke7 Re1+ 61. Kd7 Rd1+ 62. Ke6 Re1+ 63. Kd7 Rd1+ 64. Ke6 Re1+ 65.
Kd7 Rd1+ 1/2-1/2

[Event "AUTO-OPEN-3467"]
[Site "http://www.queenalice.com/game.php?id=1353560"]
[Date "2015.4.14"]
[Round "1"]
[White "Carti44444"]
[Black "AlexRB"]
[Result "1-0"]
[WhiteElo "1288"]
[BlackElo "1219"]

1. d4 Nc6 2. e4 Nf6 3. Nc3 d5 4. e5 Ne4 5. Nf3 Nxc3 6. bxc3 f6 7. Bb5 Bd7 8. O-O
Bg4 9. h3 Bf5 10. Re1 e6 11. c4 Qe7 12. cxd5 exd5 13. Nh2 Qf7 14. exf6+ Be6 15.
fxg7 Bxg7 16. Qg4 O-O-O 17. Rxe6 Bxd4 18. Re7+ Kb8 19. Rxf7 Ne5 20. Qxd4 Nxf7
21. Bf4 a6 22. Bd3 Rde8 23. Qxd5 Nd6 24. Bxd6 cxd6 25. Rb1 Kc7 26. Rxb7+ Kc8 27.
Qc6+ 1-0

[Event "Challenge"]
[Site "http://www.queenalice.com/game.php?id=1369102"]
[Date "2015.7.2"]
[Round "-"]
[White "sunking1"]
[Black "Carti44444"]
[Result "0-1"]
[WhiteElo "1373"]
[BlackElo "1390"]

1. d4 d5 2. Bf4 e6 3. Nc3 Nf6 4. Nb5 Bd6 5. Bxd6 cxd6 6. Nf3 Bd7 7. Nxd6+ Ke7 8.
Nxb7 Qb6 9. Nc5 Na6 10. b3 Nxc5 11. e3 Nce4 12. Rg1 Qb4+ 13. Ke2 Nc3+ 14. Ke1
Nxd1+ 15. Kxd1 Ne4 16. Ke2 Bb5+ 17. Kd1 g5 18. Ne5 Qd2# 0-1

[Event "AUTO-INT-3022"]
[Site "http://www.queenalice.com/game.php?id=1370679"]
[Date "2015.7.9"]
[Round "1"]
[White "Carti44444"]
[Black "fracasso"]
[Result "0-1"]
[WhiteElo "1579"]
[BlackElo "1495"]

1. d4 d5 2. c4 dxc4 3. e4 b5 4. a3 e6 5. Nc3 Nf6 6. e5 Nd5 7. Nf3 b4 8. Nxd5
exd5 9. Bd2 b3 10. Be2 f6 11. O-O Be7 12. Re1 O-O 13. h3 Nc6 14. Bc3 g6 15. Qd2
Bf5 16. Qh6 fxe5 17. dxe5 Rf7 18. h4 Bf8 19. Qe3 h6 20. Nd4 Qxh4 21. Nxc6 Bd3
22. Qd4 Rf4 23. Qe3 Re4 24. Qf3 Bc5 25. g3 Qg5 26. Bxd3 cxd3 27. Qxd3 Re8 28.
Qxd5+ Kf8 29. Qxc5+ Kg8 30. Qd5+ Kg7 31. Qxe4 h5 32. e6+ Kh6 33. Rad1 Rf8 34.
Bd2 Rf5 35. Bxg5+ Rxg5 36. e7 h4 0-1

[Event "AUTO-INT-3022"]
[Site "http://www.queenalice.com/game.php?id=1370680"]
[Date "2015.7.9"]
[Round "1"]
[White "fracasso"]
[Black "Carti44444"]
[Result "0-1"]
[WhiteElo "1556"]
[BlackElo "1560"]

1. e4 e5 2. Nf3 Nc6 3. Bc4 Bc5 4. O-O Nf6 5. c3 O-O 6. b4 Bb6 7. d4 exd4 8. cxd4
d6 9. Nc3 Nxb4 10. e5 dxe5 11. Ba3 a5 12. Nxe5 Bxd4 13. Rb1 Bxc3 14. Nd3 Nxd3
15. Qc2 Nb4 16. Qxc3 Ne4 17. Qe5 Nd2 18. Bb2 Qf6 19. Qe1 Qg5 20. Bc1 Qc5 21.
Bxf7+ Rxf7 22. Qxd2 Be6 23. a3 Nd5 24. Rxb7 Nf4 25. Re1 Qc6 26. Rb2 Qxg2# 0-1

[Event "AUTO-INT-3022"]
[Site "http://www.queenalice.com/game.php?id=1370681"]
[Date "2015.7.9"]
[Round "1"]
[White "Carti44444"]
[Black "Danado"]
[Result "1-0"]
[WhiteElo "1555"]
[BlackElo "1671"]

1. d4 d5 2. Nf3 h6 3. c4 dxc4 4. e4 Bg4 5. Be2 Bxf3 6. Bxf3 e5 7. d5 Nf6 8. Qa4+
c6 9. Qxc4 Qd7 10. Nc3 a5 11. O-O Bb4 12. Rd1 cxd5 13. Nxd5 Nxd5 14. Rxd5 Bd6
15. Bg4 Qc6 16. Qxc6+ Nxc6 17. Rxd6 O-O 18. Bxh6 gxh6 19. Rxh6 Kg7 20. Rh5 Rad8
21. Bf5 Rh8 22. Bg4 Rxh5 23. Bxh5 Rd2 24. b3 Nb4 25. a3 Nd3 26. Rd1 Rxd1+ 27.
Bxd1 Kf6 28. Kf1 Nc5 29. Bc2 Ne6 30. Ke2 Nd4+ 31. Kd3 Nb5 32. a4 Nd6 33. Bd1 Kg5
34. g3 f5 35. h4+ Kf6 36. Bf3 b5 37. axb5 Nxb5 38. Kc4 Nd4 39. Bg2 fxe4 40. Bxe4
Ne6 41. Kb5 Nd4+ 42. Kc4 Ne6 43. Kb5 Nd4+ 44. Kxa5 Nxb3+ 45. Kb6 Nd2 46. Bd3 e4
47. Be2 Nb3 48. Kc7 Nd4 49. Bd1 Kg7 50. Kd6 Nb5+ 51. Ke5 Nc3 52. Bc2 e3 53. fxe3
Kh6 54. g4 Kg7 55. g5 Ne2 56. h5 Ng3 57. h6+ Kh8 58. g6 Nh5 59. Ke6 Kg8 60. Bb3
Ng3 61. Ke7+ Kh8 62. g7+ 1-0

[Event "AUTO-INT-3022"]
[Site "http://www.queenalice.com/game.php?id=1370682"]
[Date "2015.7.9"]
[Round "1"]
[White "Danado"]
[Black "Carti44444"]
[Result "1-0"]
[WhiteElo "1621"]
[BlackElo "1409"]

1. e4 e5 2. Nf3 Nc6 3. a3 Nf6 4. Nc3 Bc5 5. h3 O-O 6. d3 h6 7. Be3 Bb6 8. Bxb6
axb6 9. d4 d6 10. dxe5 dxe5 11. Qxd8 Rxd8 12. Bd3 Nd4 13. Nxe5 c5 14. O-O-O b5
15. Bxb5 Nxb5 16. Rxd8+ 1-0

[Event "AUTO-INT-3022"]
[Site "http://www.queenalice.com/game.php?id=1370683"]
[Date "2015.7.9"]
[Round "1"]
[White "Carti44444"]
[Black "carpio1969"]
[Result "1-0"]
[WhiteElo "1490"]
[BlackElo "1568"]

1. d4 e6 2. e4 Bb4+ 3. Bd2 Qe7 4. a3 Bxd2+ 5. Nxd2 Nf6 6. e5 Nd5 7. c4 Nb6 8. a4
Nc6 9. a5 Qg5 10. axb6 cxb6 11. Ngf3 Qf5 12. Be2 Qg4 13. O-O O-O 14. h3 Qf4 15.
Nb3 Nb4 16. Qd2 Qxd2 17. Nbxd2 a5 18. Ne4 b5 19. cxb5 b6 20. Rac1 Bb7 21. Nd6
Bd5 22. Rc7 Rfd8 23. Rfc1 h6 24. Nc4 Rab8 25. Nd6 Bb3 26. Bc4 Bc2 27. Ne1 Bf5
28. Nxf5 exf5 29. Bd3 Nd5 30. Ra7 f4 31. Nf3 d6 32. Be4 dxe5 33. Nxe5 Re8 34.
Bxd5 Rf8 35. Nxf7 Kh7 36. Rcc7 Rbd8 37. Be4+ g6 38. Ng5+ 1-0

[Event "AUTO-INT-3022"]
[Site "http://www.queenalice.com/game.php?id=1370684"]
[Date "2015.7.9"]
[Round "1"]
[White "carpio1969"]
[Black "Carti44444"]
[Result "0-1"]
[WhiteElo "1611"]
[BlackElo "1418"]

1. e4 e5 2. Nf3 Nc6 3. d4 exd4 4. Nxd4 Bc5 5. Nf3 d6 6. c3 Bg4 7. Bb5 Ne7 8. h3
Bh5 9. Be3 Bb6 10. O-O O-O 11. a4 Ne5 12. Qb3 Nxf3+ 13. Kh1 Ne5 14. f4 Bxe3 15.
fxe5 dxe5 16. Na3 Qd2 17. Qc2 Rfd8 18. Qxd2 Rxd2 19. Nc4 Re2 20. Nxe5 Rxb2 21.
Bc4 Rf8 22. Ra3 Be2 23. Bxe2 Rxe2 24. Raa1 f6 25. Nd7 Rd8 26. Rad1 Rd2 27. Nxf6+
gxf6 28. Rb1 b6 29. Rxf6 Rd1+ 30. Rxd1 Rxd1+ 31. Kh2 Kg7 32. Rf3 Bc5 33. e5 Re1
34. Rg3+ Kh8 35. Rg5 Nd5 0-1

[Event "Challenge"]
[Site "http://www.queenalice.com/game.php?id=1371551"]
[Date "2015.7.14"]
[Round "-"]
[White "modesto54"]
[Black "Carti44444"]
[Result "0-1"]
[WhiteElo "1427"]
[BlackElo "1464"]

1. e4 e5 2. d4 exd4 3. Qxd4 Nc6 4. Qa4 d6 5. Bb5 Bd7 6. Nf3 Nf6 7. Nc3 a6 8.
Bxc6 Bxc6 9. Qc4 Be7 10. b3 O-O 11. Bb2 d5 12. exd5 Nxd5 13. O-O-O Ne3 14. fxe3
Qc8 15. Kb1 Qf5 16. Nd5 Bd6 17. e4 Qg4 18. Rdg1 Qg6 19. Be5 Bb5 20. Qc3 Qxe4 21.
Qd4 Qg6 22. Bxd6 Qxd6 23. Nc3 Qg6 24. Nxb5 axb5 25. Qd7 Rfd8 26. Qxc7 Rac8 27.
Qxd8+ Rxd8 28. g3 Qe4 29. Ne1 Rd1+ 30. Kb2 Qd4+ 0-1

[Event "Challenge"]
[Site "http://www.queenalice.com/game.php?id=1378197"]
[Date "2015.8.17"]
[Round "-"]
[White "ledeon"]
[Black "Carti44444"]
[Result "0-1"]
[WhiteElo "2043"]
[BlackElo "1583"]

1. d4 d5 2. Nf3 Nc6 3. Bf4 Nf6 4. c4 Bf5 5. Qb3 Rb8 6. Nbd2 e6 7. Rc1 dxc4 8.
Rxc4 Bd6 9. Bxd6 cxd6 10. e3 O-O 11. Nh4 Na5 12. Qa3 Nxc4 13. Nxc4 d5 14. Ne5
Qb6 15. h3 Bg6 16. Be2 Rbd8 17. O-O Nd7 18. Bd3 Nxe5 19. dxe5 Bxd3 0-1

[Event "Challenge"]
[Site "http://www.queenalice.com/game.php?id=1381736"]
[Date "2015.9.6"]
[Round "-"]
[White "Carti44444"]
[Black "ledeon"]
[Result "0-1"]
[WhiteElo "1581"]
[BlackElo "1928"]

1. d4 d5 2. c4 dxc4 3. e4 b5 4. a3 Bb7 5. Nc3 a6 6. Nf3 e6 7. Bf4 Ne7 8. Be2 c5
9. dxc5 Qxd1+ 10. Rxd1 Nc8 11. Bc7 Nc6 12. O-O Bxc5 13. e5 O-O 14. Ne4 Nd4 15.
Nxc5 Nxe2+ 16. Kh1 Bd5 17. Rfe1 Nf4 18. Ba5 Ne7 19. Ne4 Nd3 20. Re2 Bxe4 21.
Rxe4 Nxf2+ 0-1

[Event "Challenge"]
[Site "http://www.queenalice.com/game.php?id=1382034"]
[Date "2015.9.8"]
[Round "-"]
[White "Carti44444"]
[Black "modesto54"]
[Result "0-1"]
[WhiteElo "1583"]
[BlackElo "1455"]

1. d4 Nf6 2. c4 g6 3. Nc3 Bg7 4. Nf3 d6 5. e4 O-O 6. Be2 c5 7. d5 e6 8. O-O Re8
9. Bg5 exd5 10. exd5 h6 11. Bh4 Bg4 12. Re1 g5 13. Bg3 Ne4 14. Nxe4 Rxe4 15. Qc2
f5 0-1